ბათუმის შოთა რუსთაველის სახელმწიფო უნივერსიტეტის ბიბლიოთეკა

ბასკები და ქართველები / (ბიბ.ჩანაწერი № 51110)

000 -ლიდერი
ფიქსირებული სიგრძის საკონტროლო ველი 01168nam a2200265Ia 4500
001 - საკონტროლო ნომერი
საკონტროლო ველი 18067
003 - საკონტროლო ნომრის იდენტიფიკატორი
საკონტროლო ველი GE_BSU
005 - ბოლო ოპერაციის თარიღი და დრო
საკონტროლო ველი 20200512220546.0
008 - ფიქსირებული სიგრძის მონაცემთა ელემენტები - ზოგადი ინფორმაცია
ფიქსირებული სიგრძის საკონტროლო ველი 181216s1978||||ge |||||||||||||| ||geo||
040 ## - კატალოგიზაციის წყარო
Transcribing agency GE_BSU
041 ## - ენის კოდი
Language code of text/sound track or separate title geo
080 ## - უნივერსალური ათობითი კლასიფიკაციის ინდექსი
Universal Decimal Classification number 811.353.1 + 811.361 ძ-63
100 ## - მთავარი ჩანაწერი - პიროვნების სახელი
Personal name ძიძიგური, შოთა
9 (RLIN) 8039
245 ## - ცნობა სათაურის შესახებ
Title ბასკები და ქართველები /
Statement of responsibility, etc შოთა ძიძიგური ; რედ. ნ. მამისაშვილი ; მხატვ. რ. მახარაძე.
264 ## - წარმოების, გამოცემის, დისტრიბუციის და სხვა ცნობები
გამოცემის, წარმოების, დისტრიბუციის... ადგილი თბილისი :
გამოცემის, წარმოების, დისტრიბუციის... სახელწოდება საბჭ. საქართველო,
გამოცემის, წარმოების, დისტრიბუციის... თარიღი 1978.
300 ## - ფიზიკური აღწერა
Extent 207გვ. ;
Dimensions 20 სმ.
653 ## - INDEX TERM--UNCONTROLLED
Uncontrolled term ბასკები და ქართველები
653 ## - INDEX TERM--UNCONTROLLED
Uncontrolled term ქართული ენა
653 ## - INDEX TERM--UNCONTROLLED
Uncontrolled term ბასკური ენა
653 ## - INDEX TERM--UNCONTROLLED
Uncontrolled term ქართულ-ბასკური ურთიერთობები
700 ## - ADDED ENTRY--PERSONAL NAME
Personal name მამისაშვილი, ნ.
Relator term რედაქტორი
9 (RLIN) 3802
700 ## - ADDED ENTRY--PERSONAL NAME
Personal name მახარაძე, რ.
Relator term მხატვარი
9 (RLIN) 4900
942 ## - ADDED ENTRY ELEMENTS (KOHA)
Koha item type წიგნი
Source of classification or shelving scheme
ეგზემპლარები
ჩამოწერის სტატუსი დაკარგული ეგზემპლარის სტატუსი კლასიფიკაციის წყარო ან თაროზე გაწყობის სქემა დაზიანების სტატუსი არ გაიცემა მუდმივი მდებარეობა (დაცვის ადგილი) ამჟამინდელი ადგილსამყოფელი თაროზე განთავსების ადგილი შეძენის თარიღი ღირებულება, შესყიდვის ნორმალური ფასი სრული შენახვის შიფრი შტრიხკოდი ბოლო ოპერაციის თარიღი ეგზემპლარის მიმდევრობითი ნომერი (კეტერი?) ფასის ძალაში შესვლის თარიღი ეგზემპლარის სახეობა საჯარო შენიშვნა
          ბათუმის შოთა რუსთაველის სახელმწიფო უნივერსიტეტის მთავარი ბიბლიოთეკა ბათუმის შოთა რუსთაველის სახელმწიფო უნივერსიტეტის მთავარი ბიბლიოთეკა წიგნსაცავი 2018-12-17 4.00 811.353.1 + 811.361 ძ-63 46057 2018-12-17 46057 2018-12-17 წიგნი 4.00 ლ.
          ბათუმის შოთა რუსთაველის სახელმწიფო უნივერსიტეტის მთავარი ბიბლიოთეკა ბათუმის შოთა რუსთაველის სახელმწიფო უნივერსიტეტის მთავარი ბიბლიოთეკა წიგნსაცავი 2018-12-17 3.40 811.353.1 + 811.361 ძ-63 52437 2018-12-17 52437 2018-12-17 წიგნი 3.40 ლ.
          ბათუმის შოთა რუსთაველის სახელმწიფო უნივერსიტეტის მთავარი ბიბლიოთეკა ბათუმის შოთა რუსთაველის სახელმწიფო უნივერსიტეტის მთავარი ბიბლიოთეკა წიგნსაცავი 2018-12-17 3.40 811.353.1 + 811.361 ძ-63 52438 2018-12-17 52438 2018-12-17 წიგნი 3.40 ლ.
          ბათუმის შოთა რუსთაველის სახელმწიფო უნივერსიტეტის მთავარი ბიბლიოთეკა ბათუმის შოთა რუსთაველის სახელმწიფო უნივერსიტეტის მთავარი ბიბლიოთეკა წიგნსაცავი 2018-12-17 3.40 811.353.1 + 811.361 ძ-63 52439 2018-12-17 52439 2018-12-17 წიგნი 3.40 ლ.
          ბათუმის შოთა რუსთაველის სახელმწიფო უნივერსიტეტის მთავარი ბიბლიოთეკა ბათუმის შოთა რუსთაველის სახელმწიფო უნივერსიტეტის მთავარი ბიბლიოთეკა წიგნსაცავი 2018-12-17 3.40 811.353.1 + 811.361 ძ-63 52440 2018-12-17 52440 2018-12-17 წიგნი 3.40 ლ.